000 00254nam a2200109Ia 4500
008 190216s9999||||xx |||||||||||||| ||und||
100 _aSharma
245 0 _aAuditing Principles And Problems
260 _bSahithya Bhavan
650 _aCommerce
942 _cBK
999 _c5308
_d5308